00520nam a2200193 a 450000100060000000300090000600800410001502000150005604000280007108200150009910000220011424500720013625000060020826000480021430000200026265000200028265000110030265000130031310203CO-ViMGA141112s2004 ck r 000 u spa d a9589037658 aCO-ViMGAbspacCO-ViMGA a920.5 R4561 aReyes ; Yolanda, 10aManuel Ancízar, Una peregrinación por los caminos de la memoria a1 aSanta Fe de Bogotá, cColciencias, c1998 a80p. : il color14aANCIZAR, MANUEL14aCRECER14aINFANCIA